The all england law reports.[ vol.4 ] (Record no. 42981)

MARC details
000 -LEADER
fixed length control field 00357nam a2200157Ia 4500
050 ## - CALL MARK
Classification number KF 60 .A5/
245 #4 - TITLE STATEMENT
Title The all england law reports.[ vol.4 ]
260 ## - PUBLICATION, DISTRIBUTION, ETC. (IMPRINT)
Place of publication London.
260 ## - PUBLICATION, DISTRIBUTION, ETC. (IMPRINT)
Name of publisher Templer bar.
260 ## - PUBLICATION, DISTRIBUTION, ETC. (IMPRINT)
Year of publication 1939
300 ## - PHYSICAL DESCRIPTION
Number of Pages 622 p
650 ## - SUBJECT ADDED ENTRY--TOPICAL TERM
Topical Term London.
942 ## - ADDED ENTRY ELEMENTS (KOHA)
Koha item type Books
Holdings
Withdrawn status Lost status Source of classification or shelving scheme Damaged status Not for loan Permanent Location Current Location Shelving location Date acquired Accession Number Price effective from Koha item type
    Library of Congress Classification     Law Library Law Library Items on shelf 06/03/2025 0186026 06/03/2025 Books
    Library of Congress Classification     NILE UNIVERSITY OF NIGERIA - MAIN LIBRARY NILE UNIVERSITY OF NIGERIA - MAIN LIBRARY Items on shelf 06/03/2025 0186235 06/03/2025 Books
    Library of Congress Classification     NILE UNIVERSITY OF NIGERIA - MAIN LIBRARY NILE UNIVERSITY OF NIGERIA - MAIN LIBRARY Items on shelf 06/03/2025 0186239 06/03/2025 Books